Thermodynamics (Record no. 7801)

000 -LEADER
fixed length control field 00495nam a22002057a 4500
001 - CONTROL NUMBER
control field 7801
003 - CONTROL NUMBER IDENTIFIER
control field BD-DhUET
008 - FIXED-LENGTH DATA ELEMENTS--GENERAL INFORMATION
fixed length control field 141212b xxu||||| |||| 00| 0 eng d
040 ## - CATALOGING SOURCE
Transcribing agency 0
Modifying agency BD-DhUET
082 ## - DEWEY DECIMAL CLASSIFICATION NUMBER
Classification number 621.01
Item number OBE/1963
100 ## - MAIN ENTRY--PERSONAL NAME
Personal name Obert, Edward F.
245 ## - TITLE STATEMENT
Title Thermodynamics
250 ## - EDITION STATEMENT
Edition statement 2nd ed.
260 ## - PUBLICATION, DISTRIBUTION, ETC. (IMPRINT)
Place of publication, distribution, etc. New York
Name of publisher, distributor, etc. McGraw-Hill Book
Date of publication, distribution, etc. 1963
300 ## - PHYSICAL DESCRIPTION
Extent xxi,596p.
504 ## - BIBLIOGRAPHY, ETC. NOTE
Bibliography, etc Includes bibliographies
650 #0 - SUBJECT ADDED ENTRY--TOPICAL TERM
Topical term or geographic name as entry element Thermodynamics
700 ## - ADDED ENTRY--PERSONAL NAME
Personal name Gaggioli, Richard A.
942 ## - ADDED ENTRY ELEMENTS (KOHA)
Koha item type General Book
Holdings
Piece designation (barcode) Koha date last seen Not for loan Sublocation or collection (holding branch) Lost status Date acquired Shelving location Damaged status Source of classification or shelving scheme Withdrawn status Location (home branch) Koha normalized classification for sorting Price effective from Copy number Koha item type Koha full call number
64022014-12-12 Central Library, BUET 2014-12-12Circulation section   Central Library, BUET621_010000000000000_OBE_19632014-12-121General Book621.01/OBE/1963
64032014-12-12 Central Library, BUET 2014-12-12Circulation section   Central Library, BUET621_010000000000000_OBE_19632014-12-122General Book621.01/OBE/1963
157312014-12-12 Central Library, BUET 2014-12-12Circulation section   Central Library, BUET621_010000000000000_OBE_19632014-12-123General Book621.01/OBE/1963
187032014-12-12 Central Library, BUET 2014-12-12Circulation section   Central Library, BUET621_010000000000000_OBE_19632014-12-124General Book621.01/OBE/1963
187062014-12-12 Central Library, BUET 2014-12-12Circulation section   Central Library, BUET621_010000000000000_OBE_19632014-12-125General Book621.01/OBE/1963
187082014-12-12 Central Library, BUET 2014-12-12Circulation section   Central Library, BUET621_010000000000000_OBE_19632014-12-126General Book621.01/OBE/1963
187052014-12-12 Central Library, BUET 2014-12-12Circulation section   Central Library, BUET621_010000000000000_OBE_19632014-12-127General Book621.01/OBE/1963
187022014-12-12 Central Library, BUET 2014-12-12Circulation section   Central Library, BUET621_010000000000000_OBE_19632014-12-128General Book621.01/OBE/1963
187072015-04-12 Central Library, BUET 2015-04-12Circulation section   Central Library, BUET621_010000000000000_OBE_19632015-04-129General Book621.01/OBE/1963